| 000 -LEADER |
| fixed length control field |
00490cam a22001337a 4500 |
| 008 - FIXED-LENGTH DATA ELEMENTS--GENERAL INFORMATION |
| fixed length control field |
180718b1972 xxu||||| |||| 00| 0 eng d |
| 082 ## - DEWEY DECIMAL CLASSIFICATION NUMBER |
| Classification number |
Q39x5414 Or4 |
| 245 ## - TITLE STATEMENT |
| Title |
Report of the cyclone distress mitigation committee (Orissa): Bhubaneswar, July 1972 |
| Statement of responsibility, etc. |
by Cyclone distress mitigation committee |
| 260 ## - PUBLICATION, DISTRIBUTION, ETC. |
| Place of publication, distribution, etc. |
Bhubaneswar |
| Name of publisher, distributor, etc. |
The author |
| Date of publication, distribution, etc. |
1972 |
| 300 ## - PHYSICAL DESCRIPTION |
| Extent |
61+p. |
| 500 ## - GENERAL NOTE |
| General note |
Chairman: P.Koteswaram |
| 700 ## - ADDED ENTRY--PERSONAL NAME |
| Personal name |
Koteswaram, P., Chairman |
| 700 ## - ADDED ENTRY--PERSONAL NAME |
| Personal name |
Orissa. Cyclone distress mitigation committe |